00824nam a22002297a 450000500170000000800410001701000140005802000270007203500130009903700150011204000180012708200120014510000190015724500430017626000440021927000740026330000230033765000450036094200260040599900170043195201460044820080922151225.0080922t xxu||||| |||| 00| 0 eng d aENG-91013 a9788190634403c1000.00 aEN-74546 bDBAD / VEN adplbEnglish  a355.003 aNarang, S.C.  aMilitary dictionary /cby S.C. Narang  aDelhi bPrashant Publishing Housec2008 aC-34, 28, Foota Road, Gali No. 3, West Karawal Nagar,bDelhi e110094 a560p. c22cm (Hb)  aMilitary art and science.xDictionaries. 2ddccENmNARh355.003 c15554d15554 00102ddc40718NFICaDBADbDBADd2008-09-22eDBAD / PUBg1000.00l0o355.003 NARpEN-74546r2008-09-22 00:00:00t1v1000.00w2008-09-22yEN